000 01489ctm a22003618a 4500
001 z9mscp b2169563
003 DLC
005 20181225224731.0
007 ta
008 010419s1994 nyu j 000 1 spa
010 _a94002102 /AC
020 _a0590293702
_qpaperback
020 _a9780590293709
_qpaperback
040 _aDLC
_beng
_cDLC
041 1 _aspa
_heng
050 0 0 _aPZ73
_b.B376 1994
082 0 0 _a[E]
_220
099 _ajKIT EASY SPANISH
100 1 _aBarron, Judy.
_0http://id.loc.gov/authorities/names/n91043799.
245 1 0 _aVolar yo quiero /
_cescrito por Judy Barron ; ilustrado por Cyd Moore ; cancion interpretada por Maureen McGovern.
260 _aNew York :
_bScholastic,
_cc1995.
264 0 _aNew York :
_bScholastic,
_cc1995.
300 _a1 book (32 pages):
336 _aother
_bxxx
_2rdacontent.
337 _aaudio
_bs
_2rdamedia.
338 _aaudiocassette
_bss
_2rdacarrier.
520 _aA young girl imagines all the places she would go if she could fly. In Spanish.
650 0 _aImagination
_0http://id.loc.gov/authorities/subjects/sh85064466
_vFiction
_0http://id.loc.gov/authorities/subjects/sh99001562
_xSpanish.
650 0 _aFlight
_0http://id.loc.gov/authorities/subjects/sh85049108
_vFiction
_0http://id.loc.gov/authorities/subjects/sh99001562
_xSpanish.
655 7 _aFiction.
_2lcgft
_0http://id.loc.gov/authorities/genreForms/gf2014026339.
700 1 _aMoore, Cyd.
_0http://id.loc.gov/authorities/names/n93018453.
942 _cBK
_2ddc
999 _c21616
_d21616